| 000 | 01289cam a22003254a 4500 | ||
|---|---|---|---|
| 001 | 12895975 | ||
| 003 | PILC | ||
| 005 | 20150921105348.0 | ||
| 008 | 020815s2003 nyua b 001 0 eng | ||
| 010 | _a 2002032178 | ||
| 020 | _a0743216466 | ||
| 040 |
_aDLC _cDLC _dDLC |
||
| 042 | _apcc | ||
| 043 |
_aa------ _ae------ _an------ |
||
| 050 | 0 | 0 |
_aBF 311 _b.N565 2003 |
| 082 | 0 | 0 | _a153.4 |
| 100 | 1 | _aNisbett, Richard E. | |
| 245 | 1 | 4 |
_aThe geography of thought : _bhow Asians and Westerners think differently... and why / _cRichard E. Nisbett. |
| 260 |
_aNew York : _bFree Press, _c2003. |
||
| 300 |
_axxiii, 263 pages : _billustrations ; _c23 cm. |
||
| 500 | _aIncludes bibliographical references and index. | ||
| 650 | 0 | _aCognition and culture. | |
| 650 | 0 | _aEast and West. | |
| 856 | 4 | 2 |
_3Contributor biographical information _uhttp://www.loc.gov/catdir/bios/simon052/2002032178.html |
| 856 | 4 | 2 |
_3Publisher description _uhttp://www.loc.gov/catdir/description/simon041/2002032178.html |
| 856 | 4 | 1 |
_3Sample text _uhttp://www.loc.gov/catdir/enhancements/fy0641/2002032178-s.html |
| 906 |
_a7 _bcbc _corignew _d1 _eocip _f20 _gy-gencatlg |
||
| 942 |
_2lcc _cBK _kFOR |
||
| 999 |
_c288700 _d288700 |
||